[Event "XXXI Coppa d'Oro"]
[Site "Villa Guardia ITA"]
[Date "2013.11.01"]
[Round "2"]
[White "Paniga, Danilo"]
[Black "Gonella, Graziano"]
[WhiteElo "1820"]
[BlackElo "1169"]
[Result "1-0"]
[PlyCount "85"]
[EventDate "2013.11.01"]

1. d4 Nf6 2. Nf3 d5 3. e3 g6 4. Nbd2 Bg7 5. Bd3 O-O 6. O-O a6 7. c3 Nbd7 8. e4
c6 9. e5 Ne8 10. Qe2 e6 11. Nb3 f6 12. exf6 Nexf6 13. Qxe6+ Kh8 14. Ng5 Nb6 15.
Nf7+ Rxf7 16. Qxf7 Qd7 17. Qxd7 Bxd7 18. Nc5 Bc8 19. Bf4 Nbd7 20. Nxd7 Bxd7 21.
Rfe1 Nh5 22. Be5 Nf6 23. Re3 Re8 24. Rae1 Ng4 25. Bxg7+ Kxg7 26. Rxe8 Bxe8 27.
Rxe8 Nf6 28. Re7+ Kh6 29. Rxb7 Ne4 30. Bxe4 dxe4 31. Re7 a5 32. Rxe4 a4 33. Re6
Kg5 34. Rxc6 Kf5 35. d5 Ke4 36. c4 Kd4 37. d6 Kd3 38. d7 Kc2 39. Rb6 Kb1 40.
d8=Q Kxa2 41. Qd1 a3 42. bxa3 g5 43. Qb3+ 1-0

[Event "XXXI Coppa d'Oro"]
[Site "Villa Guardia ITA"]
[Date "2013.11.01"]
[Round "2"]
[White "Piccapietra, Matteo"]
[Black "Ciochetta, Giovanni"]
[WhiteElo "1422"]
[BlackElo "1574"]
[Result "1-0"]
[PlyCount "33"]
[EventDate "2013.11.01"]

1. e4 e5 2. Nf3 Nf6 3. Nxe5 d6 4. Nf3 Nxe4 5. d3 Nf6 6. Nc3 Be7 7. Be2 O-O 8.
O-O c5 9. d4 cxd4 10. Nxd4 Nc6 11. Be3 Nxd4 12. Bxd4 Be6 13. Bd3 Nd5 14. Nxd5
Bxd5 15. Bxh7+ Kh8 16. Qh5 Be6 17. Bg6+ 1-0

[Event "XXXI Coppa d'Oro"]
[Site "Villa Guardia ITA"]
[Date "2013.11.01"]
[Round "2"]
[White "Poletto, Daniele"]
[Black "Bernasconi, Roberto"]
[WhiteElo "1745"]
[BlackElo "1939"]
[Result "1/2-1/2"]
[PlyCount "99"]
[EventDate "2013.11.01"]

1. c4 e5 2. Nc3 Nf6 3. g3 Be7 4. Bg2 c6 5. Nf3 d6 6. O-O O-O 7. d3 a5 8. a3
Nbd7 9. Rb1 Nc5 10. b4 axb4 11. axb4 Ne6 12. b5 Bd7 13. Bd2 Ra3 14. Ra1 Qa8 15.
Qc1 Rxa1 16. Qxa1 Qxa1 17. Rxa1 Rb8 18. h3 Nc7 19. bxc6 bxc6 20. Ra7 Bd8 21.
Bg5 Kf8 22. Bxf6 gxf6 23. Ne4 Ke7 24. h4 Ne8 25. Bh3 Nc7 26. Bxd7 Kxd7 27. c5
d5 28. Nd6 Ke6 29. e4 dxe4 30. dxe4 Nb5 31. Ra6 Nxd6 32. Rxc6 Ke7 33. cxd6+ Kd7
34. Ra6 Rb6 35. Ra7+ Ke6 36. d7 Rd6 37. Kf1 Rxd7 38. Rxd7 Kxd7 39. Ke2 Ke6 40.
Nd2 f5 41. exf5+ Kxf5 42. Kf3 h5 43. Ne4 Be7 44. Nd2 Bc5 45. Ne4 f6 46. Nd2 Bd6
47. Nc4 Bc5 48. Nd2 Bb4 49. Nc4 Bc5 50. Nd2 1/2-1/2

[Event "XXXI Coppa d'Oro"]
[Site "Villa Guardia ITA"]
[Date "2013.11.01"]
[Round "2"]
[White "Puppi, Simone"]
[Black "Fantina, Carla"]
[WhiteElo "1556"]
[BlackElo "1439"]
[Result "1-0"]
[PlyCount "51"]
[EventDate "2013.11.01"]

1. e4 d6 2. d4 Nf6 3. Bd3 g6 4. Bg5 h6 5. Bxf6 exf6 6. Nc3 c6 7. Qe2 Bg7 8. f4
O-O 9. O-O-O Nd7 10. Nf3 a6 11. g4 b5 12. f5 Bb7 13. fxg6 fxg6 14. Nh4 f5 15.
gxf5 Qxh4 16. Rhg1 Qf4+ 17. Kb1 Bxd4 18. Rxg6+ Kh8 19. Rf1 Qh4 20. Rxd6 Bxc3
21. Rxd7 Rab8 22. bxc3 a5 23. Rg1 Qf6 24. e5 Qh4 25. f6 Bc8 26. Rh7# 1-0

[Event "XXXI Coppa d'Oro"]
[Site "Villa Guardia ITA"]
[Date "2013.11.01"]
[Round "2"]
[White "Raineri, Valerio"]
[Black "Veri', Giustino"]
[WhiteElo "2109"]
[BlackElo "1713"]
[Result "1-0"]
[PlyCount "79"]
[EventDate "2013.11.01"]

1. e4 c6 2. f4 d5 3. e5 e6 4. Nf3 c5 5. d3 Nc6 6. c3 Nge7 7. Qe2 Nf5 8. g3 d4
9. g4 Nh4 10. Nbd2 Nxf3+ 11. Nxf3 dxc3 12. bxc3 b6 13. Bh3 Ba6 14. Bf1 Qd7 15.
Bb2 Be7 16. Rd1 Rd8 17. Qe3 Qd5 18. Qf2 Bh4 19. Qxh4 Qxf3 20. Qg3 Qxh1 21. Kf2
Qd5 22. Bg2 Qd7 23. Be4 Bc4 24. d4 cxd4 25. cxd4 Bd5 26. Bb1 O-O 27. Qh3 g6 28.
f5 exf5 29. gxf5 f6 30. e6 Bxe6 31. fxe6 Qg7 32. d5 Qc7 33. Qg3 Qxg3+ 34. hxg3
Kg7 35. Bc2 Rfe8 36. dxc6 Rxd1 37. Bxd1 Rxe6 38. Bf3 Re7 39. Ba3 Kf7 40. Bd6
1-0

[Event "XXXI Coppa d'Oro"]
[Site "Villa Guardia ITA"]
[Date "2013.11.01"]
[Round "2"]
[White "Ronconi, Fausto"]
[Black "Cervini, Gian Piero"]
[WhiteElo "1678"]
[BlackElo "1828"]
[Result "1-0"]
[PlyCount "127"]
[EventDate "2013.11.01"]

1. d4 Nf6 2. c4 g6 3. Nf3 Bg7 4. g3 O-O 5. Bg2 d6 6. O-O c6 7. Nc3 Na6 8. a3
Rb8 9. Re1 b5 10. cxb5 cxb5 11. b4 Nc7 12. e4 Nd7 13. Be3 a6 14. Rc1 e5 15.
dxe5 Nxe5 16. Nd5 Nxd5 17. exd5 Nc4 18. Nd4 Bb7 19. a4 Nb2 20. Qb3 Nxa4 21. Nc6
Bxc6 22. dxc6 Qc7 23. Bg5 Rfe8 24. Kf1 h6 25. Bf4 Nb2 26. Rc2 Rxe1+ 27. Kxe1
Re8+ 28. Kf1 Nc4 29. Bd5 Nb6 30. Bxd6 Qxd6 31. Bxf7+ Kf8 32. Bxe8 Kxe8 33. Qg8+
Bf8 34. Re2+ Kd8 35. Qe6 Qxb4 36. Qxg6 Nd5 37. Qe8+ Kc7 38. Qd7+ Kb6 39. Qxd5
Qb1+ 40. Kg2 b4 41. Qd8+ Kxc6 42. Qxf8 b3 43. Qf6+ Kb5 44. Re5+ Kb4 45. Qxa6 b2
46. Qb6+ Kc3 47. Qc6+ Kd2 48. Rd5+ Qd3 49. Rxd3+ Kxd3 50. Qb5+ Kc2 51. Qc4+ Kd1
52. Qd3+ Kc1 53. Qc3+ Kb1 54. f4 Ka2 55. Qc2 Ka1 56. Qa4+ Kb1 57. f5 h5 58. f6
Kc1 59. Qc4+ Kd2 60. Qb3 Kc1 61. Qc3+ Kb1 62. f7 h4 63. f8=Q hxg3 64. Qfb4 1-0

[Event "XXXI Coppa d'Oro"]
[Site "Villa Guardia ITA"]
[Date "2013.11.01"]
[Round "2"]
[White "Squillante, Michele"]
[Black "Rossi, Giampiero"]
[WhiteElo "1715"]
[BlackElo "1905"]
[Result "0-1"]
[PlyCount "112"]
[EventDate "2013.11.01"]

1. d4 d5 2. Nf3 c6 3. c3 Bf5 4. Bg5 h6 5. Bh4 Qb6 6. Qb3 Nd7 7. Nbd2 e6 8. Bg3
Ngf6 9. e3 Be7 10. Ne5 Nh5 11. Nxd7 Kxd7 12. Qxb6 axb6 13. Be2 Nxg3 14. hxg3 b5
15. O-O Ra4 16. a3 Rha8 17. Bd1 R4a6 18. Bf3 b4 19. cxb4 Bxb4 20. Nb3 Bc2 21.
Bd1 Bd3 22. Re1 Bxe1 23. Nc5+ Kc7 24. Nxd3 Ba5 25. Rc1 Bb6 26. Be2 Ra5 27. Nb4
Kd6 28. Nd3 f6 29. Bd1 e5 30. dxe5+ fxe5 31. a4 e4 32. Nb4 Rf8 33. Na2 Raa8 34.
Nc3 Rf6 35. Bb3 Raf8 36. Rc2 Ke5 37. Nd1 g5 38. Re2 g4 39. Bc2 h5 40. b4 Rh8
41. Kf1 h4 42. gxh4 Rxh4 43. Ke1 c5 44. Kd2 cxb4 45. Kc1 Rh2 46. g3 Rh8 47. Bb3
Rc8+ 48. Kb1 Rd6 49. Nb2 Rc3 50. Ka2 Rdc6 51. Rd2 d4 52. exd4+ Bxd4 53. Bd1 Rf6
54. Bxg4 Rxf2 55. Rxf2 Bxf2 56. Be2 Rc2 0-1

[Event "XXXI Coppa d'Oro"]
[Site "Villa Guardia ITA"]
[Date "2013.11.01"]
[Round "2"]
[White "Zerboni, Giuseppe"]
[Black "Carbone, Lorenzo"]
[WhiteElo "1591"]
[BlackElo "1541"]
[Result "1-0"]
[PlyCount "91"]
[EventDate "2013.11.01"]

1. Nf3 c5 2. g3 Nf6 3. d3 e6 4. e4 d6 5. Bg2 Be7 6. O-O O-O 7. Re1 Nc6 8. Nbd2
Bd7 9. Nf1 Ng4 10. h3 Nge5 11. N1h2 Rc8 12. c3 Bf6 13. Nxe5 Nxe5 14. f4 Ng6 15.
Ng4 b5 16. e5 Be7 17. Be3 dxe5 18. fxe5 Bg5 19. Qd2 Bxe3+ 20. Qxe3 Ne7 21. Rad1
Nf5 22. Qe2 Nxg3 23. Qd2 Bc6 24. Kh2 Bxg2 25. Qxg2 Nf5 26. Rg1 Kh8 27. Ne3 Rg8
28. Nxf5 exf5 29. d4 Qc7 30. Qg5 cxd4 31. cxd4 Qc2+ 32. Rd2 Qe4 33. Rgg2 h6 34.
Qg3 Rcd8 35. Rge2 Qd5 36. b3 Rc8 37. Re1 Rc6 38. Qf4 Qd7 39. d5 Rc3 40. e6 fxe6
41. dxe6 Qb7 42. Qxf5 Qc7+ 43. Qe5 Re8 44. Qxc7 Rxc7 45. Rd7 Rxe6 46. Rd8+ 1-0

[Event "XXXI Coppa d'Oro"]
[Site "Villa Guardia ITA"]
[Date "2013.11.02"]
[Round "3"]
[White "Bernasconi, Roberto"]
[Black "Zerboni, Giuseppe"]
[WhiteElo "1939"]
[BlackElo "1591"]
[Result "1-0"]
[PlyCount "119"]
[EventDate "2013.11.01"]

1. e4 e6 2. d4 d5 3. Nd2 c5 4. exd5 exd5 5. Ngf3 Nf6 6. Bb5+ Nc6 7. O-O Bg4 8.
dxc5 Bxc5 9. Re1+ Be7 10. Qe2 Be6 11. Nd4 Bd7 12. N2f3 Ne4 13. c3 O-O 14. Bd3
f5 15. Qc2 Nxd4 16. cxd4 Rc8 17. Qb3 Bc6 18. Ne5 Kh8 19. f3 Nd6 20. Be3 Bg5 21.
Rad1 f4 22. Bf2 Nf5 23. Bb1 Bh4 24. Re2 Bxf2+ 25. Rxf2 Qh4 26. Qd3 Ne3 27. Re1
Rc7 28. Ng4 Nxg4 29. fxg4 g5 30. h3 Qh6 31. Rfe2 Rcf7 32. Qf3 Qf6 33. Re5 Qd8
34. Rd1 h6 35. Re6 Rf6 36. Qd3 Qd7 37. Rde1 Qg7 38. Re7 R6f7 39. Rxf7 Rxf7 40.
Re5 Kg8 41. Qa3 a6 42. Re6 Qxd4+ 43. Kh2 Rg7 44. Qd6 Qb6 45. Re8+ Bxe8 46. Qxb6
Bc6 47. Qd8+ Kf7 48. Qd6 Kg8 49. Qe6+ Kf8 50. Qxh6 Be8 51. Qd6+ Kg8 52. Qxd5+
Kf8 53. Qf5+ Bf7 54. Be4 b5 55. Bd5 Ke7 56. Bxf7 Rxf7 57. Qxg5+ Ke6 58. Qg6+
Rf6 59. Qe4+ Kf7 60. g5 1-0

[Event "XXXI Coppa d'Oro"]
[Site "Villa Guardia ITA"]
[Date "2013.11.02"]
[Round "3"]
[White "Cervini, Gian Piero"]
[Black "Puppi, Simone"]
[WhiteElo "1828"]
[BlackElo "1556"]
[Result "1-0"]
[PlyCount "49"]
[EventDate "2013.11.01"]

1. e4 c5 2. c3 Nc6 3. d4 cxd4 4. cxd4 g6 5. Nf3 Bg7 6. Bc4 a6 7. O-O Qb6 8. e5
e6 9. Nc3 Nce7 10. Qe2 d5 11. exd6 Qxd6 12. Ne4 Qd8 13. Bf4 Nf5 14. d5 Nge7 15.
dxe6 fxe6 16. Neg5 O-O 17. Bxe6+ Kh8 18. Nf7+ Rxf7 19. Bxf7 Qf8 20. Bb3 b5 21.
Ne5 h6 22. Rad1 Kh7 23. Nd7 Bxd7 24. Rxd7 Bxb2 25. Qxb2 1-0

[Event "XXXI Coppa d'Oro"]
[Site "Villa Guardia ITA"]
[Date "2013.11.02"]
[Round "3"]
[White "Ciochetta, Giovanni"]
[Black "Loukili, Ibrahim"]
[WhiteElo "1574"]
[BlackElo "1455"]
[Result "1-0"]
[PlyCount "71"]
[EventDate "2013.11.01"]

1. e4 e5 2. Nf3 Nc6 3. Bc4 h6 4. O-O Nge7 5. a3 d6 6. c3 Ng6 7. d4 exd4 8. cxd4
Be7 9. b4 Bf6 10. Bb2 O-O 11. Nbd2 Nf4 12. Re1 Re8 13. Qb3 Be6 14. d5 Bxb2 15.
Qxb2 Bd7 16. dxc6 Bxc6 17. Qb3 Ne6 18. Bxe6 Rxe6 19. Nd4 Rg6 20. Nxc6 bxc6 21.
Rac1 Qg5 22. g3 Qxd2 23. Red1 Qe2 24. Re1 Qh5 25. Rxc6 Rc8 26. Rec1 Kh8 27. Qd3
Rf8 28. Rxc7 f5 29. exf5 Rxf5 30. Qe4 Rgf6 31. Rc8+ Kh7 32. g4 Qh4 33. f3 d5
34. Qd3 g6 35. gxf5 Rxf5 36. R1c7+ 1-0

[Event "XXXI Coppa d'Oro"]
[Site "Villa Guardia ITA"]
[Date "2013.11.02"]
[Round "3"]
[White "Fantina, Carla"]
[Black "Aldeghi, Damiano"]
[WhiteElo "1439"]
[BlackElo "1461"]
[Result "0-1"]
[PlyCount "125"]
[EventDate "2013.11.01"]

1. c4 e5 2. Nc3 Nf6 3. g3 Be7 4. Bg2 O-O 5. e4 Nc6 6. Nge2 Re8 7. O-O d6 8. h3
Be6 9. d3 Qc8 10. Kh2 Nb4 11. a3 Nc6 12. f4 exf4 13. Nxf4 Ne5 14. Nxe6 Qxe6 15.
Nd5 Nxd5 16. exd5 Qd7 17. Bf4 Bf6 18. Rb1 Ng6 19. Qd2 Bd4 20. b3 Re7 21. Rbe1
Rae8 22. Re4 Bf6 23. Bg5 Bxg5 24. Qxg5 Re5 25. Qd2 b5 26. Rfe1 Rxe4 27. Rxe4
Rxe4 28. dxe4 Ne5 29. Qa5 bxc4 30. bxc4 Nxc4 31. Qxa7 g6 32. Qa8+ Kg7 33. a4
Nb6 34. Qc6 Qxc6 35. dxc6 Nxa4 36. Bf1 Nc5 37. Bg2 Kf6 38. g4 Ke5 39. Kg3 g5
40. Bf1 Nxe4+ 41. Kg2 Kf4 42. Bc4 f6 43. Bg8 h6 44. Be6 Ke5 45. Bf5 d5 46. Kf3
Nd6 47. Bd7 Nc4 48. Bf5 Kd6 49. Ke2 Kxc6 50. Kd3 Kc5 51. Bh7 Ne5+ 52. Kc3 Nf3
53. Bd3 Kd6 54. Bf1 Ke5 55. Kd3 c5 56. Ke3 Nh4 57. Be2 Ng6 58. Bd3 Nf4 59. Bf1
d4+ 60. Kd2 Ke4 61. Bc4 Nxh3 62. Ke2 Kf4 63. Be6 0-1

[Event "XXXI Coppa d'Oro"]
[Site "Villa Guardia ITA"]
[Date "2013.11.02"]
[Round "3"]
[White "Ghelfi, Giancarlo"]
[Black "Piccapietra, Matteo"]
[WhiteElo "1618"]
[BlackElo "1422"]
[Result "1-0"]
[PlyCount "47"]
[EventDate "2013.11.01"]

1. e4 e5 2. Nf3 Nc6 3. Bb5 a6 4. Ba4 Nge7 5. c3 d6 6. d4 Bd7 7. O-O Ng6 8. Be3
Be7 9. Bc2 O-O 10. Qd2 f5 11. exf5 Bxf5 12. Bb3+ Kh8 13. Bg5 e4 14. Bxe7 Qxe7
15. Re1 Qf6 16. Ng5 e3 17. Qxe3 Rae8 18. Qxe8 Rxe8 19. Rxe8+ Nf8 20. Nf7+ Kg8
21. Nd2 Bg6 22. Ne5+ Kh8 23. Nxg6+ Qxg6 24. Rxf8# 1-0

[Event "XXXI Coppa d'Oro"]
[Site "Villa Guardia ITA"]
[Date "2013.11.02"]
[Round "3"]
[White "Gonella, Daniele"]
[Black "Poletto, Daniele"]
[WhiteElo "2142"]
[BlackElo "1745"]
[Result "1-0"]
[PlyCount "97"]
[EventDate "2013.11.01"]

1. e4 c5 2. Nc3 Nc6 3. g3 g6 4. Bg2 Bg7 5. f4 d6 6. d3 e6 7. Nf3 Nge7 8. Be3
Nd4 9. O-O O-O 10. Rb1 Rb8 11. Ne2 Nec6 12. c3 Nxe2+ 13. Qxe2 b6 14. Rbd1 d5
15. d4 cxd4 16. Nxd4 Nxd4 17. Bxd4 Bb7 18. Bxg7 Kxg7 19. exd5 exd5 20. Bxd5 Qe8
21. Qf3 Bxd5 22. Rxd5 Rd8 23. Re5 Qd7 24. f5 h6 25. Re7 Qxf5 26. Qxf5 gxf5 27.
Rxa7 Rd2 28. Rf2 Rfd8 29. b3 Rxf2 30. Kxf2 Rd2+ 31. Kg1 h5 32. Ra6 f6 33. a4
Rd3 34. Rxb6 Rxc3 35. a5 Rc1+ 36. Kg2 Ra1 37. a6 Kg6 38. h4 Ra2+ 39. Kf1 f4 40.
gxf4 Kf5 41. b4 Kxf4 42. Rxf6+ Kg4 43. b5 Kxh4 44. Rg6 Kh3 45. Rg7 h4 46. a7
Kh2 47. b6 h3 48. b7 Rxa7 49. b8=Q+ 1-0

[Event "XXXI Coppa d'Oro"]
[Site "Villa Guardia ITA"]
[Date "2013.11.02"]
[Round "3"]
[White "Gonella, Graziano"]
[Black "Corti, Filippo"]
[WhiteElo "1169"]
[BlackElo "1607"]
[Result "0-1"]
[PlyCount "146"]
[EventDate "2013.11.01"]

1. e4 g6 2. d4 Bg7 3. c3 c6 4. Nf3 d5 5. Bd3 dxe4 6. Bxe4 Nf6 7. Bd3 Bg4 8. Qb3
Qb6 9. Nbd2 Qxb3 10. axb3 Nbd7 11. O-O O-O 12. Ne5 Nxe5 13. dxe5 Nd7 14. f4 Nc5
15. Bc2 Rfd8 16. h3 Be6 17. Nc4 Bxc4 18. bxc4 a6 19. Rf3 Rd7 20. b4 Ne6 21. Rb1
Rad8 22. f5 Nf8 23. f6 exf6 24. exf6 Bh8 25. b5 cxb5 26. cxb5 Rd6 27. bxa6 bxa6
28. Bg5 Ne6 29. h4 Nxg5 30. hxg5 Rd5 31. Rg3 h5 32. Rb6 Ra5 33. Bd3 h4 34. Rf3
Rxg5 35. Rxa6 Rg3 36. Be4 Rd1+ 37. Kh2 Rg4 38. Ra8+ Kh7 39. Ra4 Rd2 40. Bxg6+
Rxg6 41. Rxh4+ Rh6 42. Rxh6+ Kxh6 43. Rh3+ Kg6 44. Rxh8 Kxf6 45. Rh6+ Ke7 46.
Rc6 Kd7 47. Rc4 Rc2 48. Rd4+ Kc6 49. Rc4+ Kd5 50. Rc7 f6 51. Kg3 Kd6 52. Rf7
Ke6 53. Rc7 Kd6 54. Rc8 Kd7 55. Rc4 Kd6 56. Rd4+ Ke5 57. Rd3 Ke4 58. Rf3 f5 59.
c4 Ke5 60. Rf4 Rc3+ 61. Rf3 Rxc4 62. Re3+ Kd4 63. Kf3 Rc2 64. g3 Kd5 65. Rd3+
Ke5 66. Re3+ Kf6 67. Rd3 Kg5 68. Rd5 Rc3+ 69. Kg2 Kg4 70. Rd4+ Kg5 71. Rf4 Rc2+
72. Kf3 Rc3+ 73. Kg2 Rb3 0-1

[Event "XXXI Coppa d'Oro"]
[Site "Villa Guardia ITA"]
[Date "2013.11.02"]
[Round "3"]
[White "Lipari, Alberto"]
[Black "Squillante, Michele"]
[WhiteElo "1531"]
[BlackElo "1715"]
[Result "0-1"]
[PlyCount "80"]
[EventDate "2013.11.01"]

1. c4 Nf6 2. d4 g6 3. Nc3 d5 4. e3 Bg7 5. Nf3 O-O 6. Bd3 b6 7. b4 Bb7 8. c5
Nbd7 9. Qc2 Re8 10. Na4 c6 11. Bb2 b5 12. Nc3 e5 13. e4 exd4 14. Nxd4 Nxe4 15.
Nxe4 f5 16. f3 fxe4 17. fxe4 dxe4 18. Be2 Qf6 19. O-O-O Rad8 20. Qb3+ Kh8 21.
Qe3 Qe7 22. Kb1 Nf6 23. Nb3 Rxd1+ 24. Rxd1 Nd5 25. Qd2 Bxb2 26. Kxb2 Qe5+ 27.
Ka3 Re7 28. Qh6 Rf7 29. h4 Qc3 30. Rd4 Qg3 31. Rxe4 Nf6 32. Rf4 Ng8 33. Rg4
Qxg4 34. Bxg4 Nxh6 35. Bh3 Nf5 36. Na5 Ba8 37. Kb3 Nxh4 38. g3 Rf3+ 39. Kb2 Nf5
40. Bg2 Rf2+ 0-1

[Event "XXXI Coppa d'Oro"]
[Site "Villa Guardia ITA"]
[Date "2013.11.02"]
[Round "3"]
[White "Mason, Giovanni"]
[Black "Guzzetti, Luigi Enrico"]
[WhiteElo "1580"]
[BlackElo "1887"]
[Result "0-1"]
[PlyCount "68"]
[EventDate "2013.11.01"]

1. e4 c5 2. Nf3 e6 3. d4 cxd4 4. Nxd4 a6 5. a3 Nf6 6. Nc3 Qc7 7. Bd3 Nc6 8.
Nxc6 bxc6 9. Be3 Be7 10. f4 d6 11. Qe2 O-O 12. O-O c5 13. Nd1 Bb7 14. Bd2 c4
15. Bxc4 Nxe4 16. Bd3 d5 17. Rf3 Bf6 18. Rh3 g6 19. c3 Rfd8 20. Bxe4 dxe4 21.
Be3 Be7 22. Nf2 f5 23. g4 Bc5 24. gxf5 gxf5 25. Qc4 Rd5 26. b4 Bb6 27. Qb3 Bxe3
28. c4 Bxf2+ 29. Kf1 Qxf4 30. cxd5 Bd4+ 31. Ke2 Qf2+ 32. Kd1 Qf1+ 33. Kd2 e3+
34. Rxe3 Bxe3+ 0-1

[Event "XXXI Coppa d'Oro"]
[Site "Villa Guardia ITA"]
[Date "2013.11.02"]
[Round "3"]
[White "Paniga, Danilo"]
[Black "Raineri, Valerio"]
[WhiteElo "1820"]
[BlackElo "2109"]
[Result "0-1"]
[PlyCount "116"]
[EventDate "2013.11.01"]

1. d4 Nf6 2. Nf3 g6 3. Nbd2 Bg7 4. e4 d6 5. Bd3 O-O 6. O-O Nfd7 7. Re1 e5 8.
dxe5 dxe5 9. c3 Nc5 10. Bc4 Nd3 11. Qc2 Nxe1 12. Nxe1 Qe7 13. Ndf3 Be6 14. Bf1
h6 15. Nd3 Nd7 16. b4 f5 17. Nd2 Rf7 18. a4 Kh8 19. Ba3 Bf8 20. Nb3 Bxb3 21.
Qxb3 fxe4 22. Nc5 Nxc5 23. bxc5 Qf6 24. Bc4 Qxf2+ 25. Kh1 Rf5 26. Rg1 Bxc5 27.
Bxc5 Qxc5 28. Qxb7 Raf8 29. Qxe4 Kg7 30. Qd3 Qd6 31. Qe3 Rf4 32. Be2 Rxa4 33.
h3 Ra5 34. Bf3 Qc5 35. Qd3 Ra3 36. Rc1 Rf7 37. Be4 Qd6 38. Qc2 Rf4 39. Rd1 Qb6
40. Rd7+ Rf7 41. Qd1 Qf6 42. Kh2 Qf4+ 43. g3 Qxe4 44. Rxf7+ Kxf7 45. Qd7+ Kf6
46. Qd8+ Ke6 47. Qe8+ Kd5 48. Qa8+ c6 49. Qg8+ Kc5 50. Qf8+ Kb5 51. Qxa3 Qe2+
52. Kg1 a5 53. c4+ Qxc4 54. Qb2+ Ka6 55. Qxe5 Qc1+ 56. Kf2 Qc2+ 57. Ke3 Qb3+
58. Kd2 Qd5+ 0-1

[Event "XXXI Coppa d'Oro"]
[Site "Villa Guardia ITA"]
[Date "2013.11.02"]
[Round "3"]
[White "Primerano, Carlo"]
[Black "Nipote, Mario"]
[WhiteElo "1718"]
[BlackElo "1510"]
[Result "1-0"]
[PlyCount "89"]
[EventDate "2013.11.01"]

1. d4 d5 2. c4 e6 3. Nc3 c5 4. Nf3 Nf6 5. cxd5 exd5 6. g3 Nc6 7. Bg2 Be7 8.
dxc5 Bxc5 9. O-O O-O 10. Bg5 Re8 11. Nd2 d4 12. Nce4 Be7 13. Nxf6+ Bxf6 14.
Bxf6 Qxf6 15. Re1 Bf5 16. Qb3 Re7 17. Rac1 Rae8 18. e3 dxe3 19. Rxe3 Kf8 20.
Qa3 Nd4 21. Rc7 Nc2 22. Rcxe7 Rxe7 23. Qxe7+ Qxe7 24. Rxe7 Kxe7 25. Bxb7 Nb4
26. a3 Nd3 27. b4 Be6 28. Be4 Ne5 29. Kg2 h6 30. Nf3 Nxf3 31. Kxf3 Kd6 32. Ke3
f5 33. Bf3 Ke5 34. Bb7 g5 35. f4+ Kd6 36. Kd4 g4 37. Ba6 Bd7 38. Bc4 Bc6 39. b5
Bd7 40. a4 Bc8 41. a5 Bd7 42. b6 axb6 43. axb6 Kc6 44. Ke5 Kxb6 45. Be6 1-0

[Event "XXXI Coppa d'Oro"]
[Site "Villa Guardia ITA"]
[Date "2013.11.02"]
[Round "3"]
[White "Revinelli, Sergio"]
[Black "Cairoli, Camillo"]
[WhiteElo "1818"]
[BlackElo "1937"]
[Result "0-1"]
[PlyCount "40"]
[EventDate "2013.11.01"]

1. e4 c5 2. Nf3 d6 3. d4 cxd4 4. Nxd4 Nf6 5. Nc3 g6 6. Be2 Bg7 7. Be3 Nc6 8.
O-O O-O 9. Qd2 a6 10. a4 Qc7 11. Kh1 Nxd4 12. Bxd4 Be6 13. f4 Bc4 14. a5 Bxe2
15. Qxe2 Rac8 16. Ra4 Qd7 17. Rfa1 Rc6 18. h3 Rfc8 19. R1a3 Nh5 20. Bxg7 Ng3+
0-1

[Event "XXXI Coppa d'Oro"]
[Site "Villa Guardia ITA"]
[Date "2013.11.02"]
[Round "3"]
[White "Rossi, Giampiero"]
[Black "Ronconi, Fausto"]
[WhiteElo "1905"]
[BlackElo "1678"]
[Result "0-1"]
[PlyCount "104"]
[EventDate "2013.11.01"]

1. d4 d5 2. c4 e6 3. Nc3 Nf6 4. cxd5 exd5 5. Bg5 c6 6. e3 Be7 7. Qc2 Be6 8. Bd3
Nbd7 9. Nge2 O-O 10. O-O h6 11. Bh4 a6 12. Rab1 Qc7 13. Bg3 Bd6 14. b4 Bxg3 15.
Nxg3 Nb6 16. a4 Nc4 17. Bxc4 dxc4 18. b5 Bd5 19. Rb2 axb5 20. axb5 b6 21. Rc1
Ra3 22. bxc6 Bxc6 23. Nb5 Bxb5 24. Rxb5 c3 25. Qb1 Nd7 26. Rb3 Rxb3 27. Qxb3
Rc8 28. Rc2 Qa7 29. h3 Nf6 30. f3 Qa5 31. Ne2 Nd5 32. e4 Ne3 33. Rxc3 Qa1+ 34.
Kf2 Nd1+ 35. Qxd1 Qxd1 36. Rxc8+ Kh7 37. Rb8 Qb1 38. d5 Qb4 39. Rc8 Qa4 40. Ke3
Qd7 41. Rc6 b5 42. Nd4 b4 43. Rb6 Qc7 44. Rc6 Qa7 45. Kd3 Qa3+ 46. Kd2 b3 47.
Ne2 b2 48. Nc3 Qxc3+ 49. Kxc3 b1=Q 50. Kd2 Qb4+ 51. Kd1 Qd4+ 52. Ke1 Qg1+ 0-1

[Event "XXXI Coppa d'Oro"]
[Site "Villa Guardia ITA"]
[Date "2013.11.02"]
[Round "3"]
[White "Tavasci, Alfio"]
[Black "Cairoli, Fabio"]
[WhiteElo "1589"]
[BlackElo "1383"]
[Result "1-0"]
[PlyCount "113"]
[EventDate "2013.11.01"]

1. d4 Nf6 2. c4 e5 3. dxe5 Ng4 4. Bf4 Nc6 5. Nf3 Bc5 6. e3 Qe7 7. Nc3 Ngxe5 8.
Nxe5 Nxe5 9. Be2 O-O 10. O-O c6 11. Qc2 d6 12. Rad1 Be6 13. Bxe5 dxe5 14. Qe4
f6 15. Bd3 g6 16. g4 f5 17. gxf5 Qg5+ 18. Kh1 Qxf5 19. Qh4 Qf3+ 20. Kg1 Qg4+
21. Qxg4 Bxg4 22. Be2 Bxe2 23. Nxe2 Rad8 24. Ng3 Be7 25. Ne4 Rxd1 26. Rxd1 Rd8
27. Rxd8+ Bxd8 28. Nd6 b6 29. Kg2 Kg7 30. Kf3 Kf6 31. h3 Ke6 32. Ne4 h6 33. Nc3
Bf6 34. Ke4 Bh4 35. f3 Bf6 36. b4 a6 37. a4 g5 38. b5 axb5 39. axb5 c5 40. Nd5
Bd8 41. f4 exf4 42. exf4 gxf4 43. Nxf4+ Kf6 44. Kd5 Bc7 45. Ne6 Bh2 46. Nd8 Kf5
47. Kc6 Kf4 48. Kxb6 Kg3 49. Kxc5 Kxh3 50. b6 Kg2 51. Kc6 h5 52. Ne6 h4 53. Nc7
h3 54. b7 Bxc7 55. Kxc7 h2 56. b8=Q h1=Q 57. Qg8+ 1-0

[Event "XXXI Coppa d'Oro"]
[Site "Villa Guardia ITA"]
[Date "2013.11.02"]
[Round "3"]
[White "Veri', Giustino"]
[Black "Marcantognini, Denis"]
[WhiteElo "1713"]
[BlackElo "1455"]
[Result "1-0"]
[PlyCount "95"]
[EventDate "2013.11.01"]

1. d4 Nf6 2. Nf3 g6 3. g3 Bg7 4. Bg2 O-O 5. O-O d5 6. c3 Nbd7 7. Nbd2 c5 8. Re1
Re8 9. a4 a5 10. Nb3 c4 11. Nbd2 Ra6 12. e4 e5 13. exd5 Nxd5 14. Nxc4 e4 15.
Ng5 N7f6 16. Nxe4 Nxe4 17. Rxe4 Nf6 18. Bg5 Bf5 19. Rxe8+ Qxe8 20. Bxf6 Bxf6
21. Bxb7 Re6 22. Bd5 Re2 23. Ne5 Rxe5 24. dxe5 Qxe5 25. Bg2 Qb8 26. Qe2 Qb3 27.
Qe8+ Kg7 28. Qb5 Qc2 29. Bd5 Be7 30. Re1 Bh3 31. Qe2 Qxe2 32. Rxe2 Kf6 33. Rxe7
Kxe7 34. b4 axb4 35. cxb4 Bd7 36. b5 f6 37. f4 Kd6 38. Bf3 f5 39. Kf2 Kc7 40.
Ke3 Kb6 41. Kd4 h6 42. h4 Kc7 43. Kc5 h5 44. b6+ Kb8 45. a5 Bc8 46. Bd5 Bd7 47.
a6 g5 48. a7+ 1-0

[Event "XXXI Coppa d'Oro"]
[Site "Villa Guardia ITA"]
[Date "2013.11.02"]
[Round "4"]
[White "Ambrosoli, Nadia Manuela"]
[Black "Ciochetta, Giovanni"]
[WhiteElo "1414"]
[BlackElo "1574"]
[Result "0-1"]
[PlyCount "96"]
[EventDate "2013.11.01"]

1. d4 Nf6 2. c4 e6 3. Nf3 Nc6 4. Nc3 Bb4 5. Bg5 h6 6. Bh4 g5 7. Bg3 d6 8. Qc2
Bd7 9. h3 Nh5 10. Bh2 f5 11. g4 Nf6 12. O-O-O Bxc3 13. bxc3 Ne4 14. e3 Qe7 15.
Nd2 Nxf2 16. Bg2 Nxh1 17. Rxh1 O-O-O 18. gxf5 exf5 19. Bxc6 Bxc6 20. Qxf5+ Bd7
21. Qf3 Rdf8 22. Qg3 h5 23. c5 h4 24. cxd6 hxg3 25. dxe7 Re8 26. Bxg3 Rxe7 27.
Be5 Rxh3 28. Rxh3 Bxh3 29. Ne4 g4 30. Ng5 Re8 31. Kd2 c6 32. Ke2 b5 33. Kf2 a5
34. a3 Kb7 35. Kg3 Rf8 36. Bf4 Kb6 37. Nxh3 gxh3 38. Kxh3 Rg8 39. Bd6 Kb7 40.
e4 Kc8 41. Kh4 Kd7 42. Bc5 Ke6 43. e5 Kd5 44. Kh5 Kc4 45. e6 Kxc3 46. e7 b4 47.
axb4 axb4 48. Kh6 b3 0-1

[Event "XXXI Coppa d'Oro"]
[Site "Villa Guardia ITA"]
[Date "2013.11.02"]
[Round "4"]
[White "Bernocchi, Luca"]
[Black "Fantina, Carla"]
[WhiteElo "1405"]
[BlackElo "1439"]
[Result "0-1"]
[PlyCount "82"]
[EventDate "2013.11.01"]

1. e4 d6 2. d4 Nf6 3. Nc3 g6 4. Nf3 Bg7 5. Bc4 O-O 6. O-O Nxe4 7. Nxe4 d5 8.
Bxd5 Qxd5 9. Nc3 Qh5 10. Be3 c6 11. Re1 Bg4 12. Bf4 Bxf3 13. Qxf3 Qxf3 14. gxf3
e6 15. Be5 f6 16. Bd6 Re8 17. f4 Nd7 18. Re2 Nb6 19. b3 Rad8 20. Bc5 f5 21.
Rae1 Bxd4 22. Bxd4 Rxd4 23. Rxe6 Rxe6 24. Rxe6 Kf7 25. Re5 Rxf4 26. Ne2 Re4 27.
Rxe4 fxe4 28. Ng3 Kf6 29. Nxe4+ Ke7 30. Nc5 Nd5 31. c4 b6 32. cxd5 bxc5 33.
dxc6 Kd6 34. Kg2 Kxc6 35. Kf3 Kb5 36. a3 a5 37. Ke3 a4 38. bxa4+ Kxa4 39. Kd3
Kb3 40. Kd2 c4 41. a4 Kb2 0-1